Normal view
MARC view
Entry Personal Name
001 - CONTROL NUMBER
- control field: 36668
003 - CONTROL NUMBER IDENTIFIER
- control field: ARRUPE
005 - DATE AND TIME OF LATEST TRANSACTION
- control field: 20171003112459.0
008 - FIXED-LENGTH DATA ELEMENTS
- fixed length control field: 171003|| aca||aabn | a|a d
040 ## - CATALOGING SOURCE
- Original cataloging agency: ARRUPE
- Transcribing agency: ARRUPE
100 ## - HEADING--PERSONAL NAME
- Personal name: Scruton, Roger.
670 ## - SOURCE DATA FOUND
- Source citation: Work cat.: (ARRUPE)0: Scruton, Roger., On human nature /, 2017